LEADER 01248nam--2200361---450- 001 990002085590203316 005 20100611100706.0 035 $a000208559 035 $aUSA01000208559 035 $a(ALEPH)000208559USA01 035 $a000208559 100 $a20041015d1971----km-y0itay0103----ba 101 0 $ager 102 $aDE 105 $a||||||||001yy 200 1 $aRedefreiheit und Ehrenschutz$eAnmerkungen zu den Grundlagen der neueren amerikanischen und deutschen Rechtsprechung$fvon Gerhard Casper 210 $aKarlsruhe$cC. F. Muller$d1971 215 $a39 p.$d20 cm 225 2 $aJuristische Studiengesellschaft Karlruhe$iSchriftenreihe$v104 410 0$aJuristische Studiengesellschaft Karlruhe$12001$iSchriftenreihe$v104 454 1$12001 461 1$1001-------$12001 700 1$aCASPER,$bGerhard$0503726 801 0$aIT$bsalbc$gISBD 912 $a990002085590203316 951 $aXXIV.1. Coll. 13/ 24 (Coll AFS 104)$b7662 G.$cXXIV.1. Coll. 13/ 24 (Coll AFS)$d00171224 959 $aBK 969 $aGIU 979 $aSIAV5$b10$c20041015$lUSA01$h1057 979 $aRSIAV4$b90$c20100611$lUSA01$h1007 979 $aCHIARA$b90$c20120628$lUSA01$h0950 996 $aRedefreiheit und Ehrenschutz$91042822 997 $aUNISA